000
00218nam a22000857a 4500
008
160624b xxu||||| |||| 00| 0 eng d
100
_9
994
_a
Reader's Digest
245
_a
Ten Best Books
260
_a
Bombay
_b
Reader's Digest
_c
1992
999
_c
793
_d
793